Účtovanie na účtoch účtovej triedy 4 - kapitálové účty a dlhodobé záväzky

Charakteristika a klasifikácia kapitálu a dlhodobých záväzkov. Oceňovanie kapitálu a dlhodobých záväzkov. Účtovanie dlhodobých bankových úverov, dlhodobých záväzkov a na účte individuálneho podnikateľa.

Gespeichert in:
Bibliographische Detailangaben
Format: Buchkapitel
Sprache:Slowakisch
Schlagworte:
Tags: Tag hinzufügen
Keine Tags, Fügen Sie das erste Tag hinzu!

MARC

LEADER 00000naa a2200000 4500
001 r027896
005 20230912110658.3
041 0 |a slo 
044 |a SK 
245 1 0 |a Účtovanie na účtoch účtovej triedy 4 - kapitálové účty a dlhodobé záväzky 
520 |a Charakteristika a klasifikácia kapitálu a dlhodobých záväzkov. Oceňovanie kapitálu a dlhodobých záväzkov. Účtovanie dlhodobých bankových úverov, dlhodobých záväzkov a na účte individuálneho podnikateľa. 
610 2 0 |a účtovníctvo 
610 2 0 |a účtovníctvo podvojné 
610 2 0 |a účtovanie 
610 2 0 |a záväzky 
610 2 0 |a oceňovanie 
610 2 0 |a účty kapitálové 
610 2 0 |a úver bankový 
610 2 0 |a účty